Grammar in use inter

保存先:
書誌詳細
フォーマット: 図書
出版事項: 1989
タグ: タグ追加
タグなし, このレコードへの初めてのタグを付けませんか!
Thư viện lưu trữ: Mạng thư viện Đại học Đà Nẵng
LEADER 00428nam a22001811a 4500
001 000037195
003 13490
005 20160412020312.0
008 160412s1989 000
082 |a 4A(07)110-111 
245 |a Grammar in use inter  |c Frist New 
260 |c 1989 
OWN |a LNN 
999 |a From the UDN01 
TYP |a Monograph 
980 |a Mạng thư viện Đại học Đà Nẵng